LEADER 01305cam0-2200397---450- 001 990000856410203316 005 20090212134617.0 010 $a88-324-8471-4 035 $a0085641 035 $aUSA010085641 035 $a(ALEPH)000085641USA01 035 $a0085641 100 $a20020109d1997----km-y0ITAy01------ba 101 0 $aita 105 $a||||||||001yy 200 1 $a<> consorzi$easpetti legali, contabili e fiscali in tema di consorzi, società consortili, raggruppamenti temporanei di imprese, GEIE formulario$fAdriano Propersi, Giovanna Rossi. 205 $a12. ed. 210 $aMilano$cIl Sole 24 Ore Norme e contributi$d1997 215 $a634 p.$d24 cm. 606 $aConsorzi$aLegislazione 676 $a338 700 1$aPROPERSI,$bAdriano$0106694 701 1$aROSSI,$bGiovanna$0313064 801 $aIT$bSALBC$gISBD 912 $a990000856410203316 951 $a338 PRO 1 (IRA 34 115)$b15516 G.$c00013056 959 $aBK 969 $aECO 979 $aPATTY$b90$c20020109$lUSA01$h1036 979 $aPATTY$b90$c20020109$lUSA01$h1038 979 $aALESSANDRA$b90$c20020109$lUSA01$h1047 979 $c20020403$lUSA01$h1730 979 $aPATRY$b90$c20040406$lUSA01$h1659 979 $aRSIAV2$b90$c20090212$lUSA01$h1346 996 $aConsorzi..$941473 997 $aUNISA